000 00795nam0a22002531 4500
001 rc\4633457
005 20250612135208.0
021 _aRU
_b[66-35192]
035 _a(NLR Aleph) 008681042
090 _a9179157
_c9179157
100 _a20130416d1966 |||y0rusy50 ca
101 0 _arus
102 _aRU
105 _aa z |||||
200 1 _aСинтетические полимерные материалы
_fТаллинский политехн. ин-т. Кафедра технологии орган. веществ
210 _aТаллин
_cБ. и.
_d1966
215 _a75 с.
_cчерт.
_d20
606 _aПолимеры
_2psbo
700 1 _aСилланд
_bХ.А.
801 0 _aRU
_bNLR
_gpsbo
801 1 _aRU
_bELAR
_2rusmarc
852 _aNLR
_j66-4/7115
942 _cBOOK
980 _aNB